Statistieken voor Namibië Trivia Quiz

Klik hier om de quiz te nemen!

Algemene statistieken

  • Deze quiz is 186 keer genomen
  • De gemiddelde score is 13 van 20

Antwoordstatistieken

HintAntwoord% Correct
Aangrenzende landenAngola
97%
Aangrenzende landenZuid-Afrika
97%
Aangrenzende landenBotswana
94%
HoofdstadWindhoek
92%
Aangrenzende landenZambia
92%
Europees land dat tussen 1884 en 1915 Namibië koloniseerdeDuitsland
90%
Officiële taalEngels
87%
Naar schatting 13,8% van de volwassenen is positief voor dit virusHIV
85%
Enige land ter wereld dat minder dichtbevolkt is dan NamibiëMongolië
77%
Namibië heeft een van de hoogste populaties van dit snelle zoogdierJachtluipaard
67%
Grote woestijn die de oostelijke en centrale delen van Namibië beslaatKalahari
67%
Rivier die delen van de grens van Namibië met aangrenzend land #3 vormtZambezi
57%
Kustwoestijn die mogelijk de oudste ter wereld isNamib
55%
Namibië is de op vier na grootste mijner van dit element met atoomnummer 92Uranium
55%
Grote rivier die de grens vormt met aangrenzend land #4Oranjerivier
51%
De enige natuurlijke haven van welke omvang dan ook langs de kust van Namibië{Walvis}baai
51%
"Bottig" kustgebied waar een groot aantal Europese zeelieden is omgekomen, (door de dichte mist en de hevige stormen){Skelet}kust
38%
Fish River ____ is het grootste _____ in Afrika, 160 km lang en 550 meter diepRavijn
36%
Groep Zuid-Afrikaanse mensen die een tak van de menselijke genetica vormen die zich meer dan 100.000 jaar geleden heeft afgesplitst van alle andereSan (Bosjesmannen)
34%
Groep eilanden genoemd naar de vogels die er wonen{Pinguïn}-Eilanden
27%

Scoreverdeling

Percentiel versus Aantal Correcte Antwoorden

Procent van Mensen met Elke Score

Uw Scoregeschiedenis

U heeft deze quiz nog niet genomen